000 00403nam a2200181Ia 4500
003 0STCL
008 150530s9999 xx 000 0 und d
040 _aSTCL
_cSTCL
100 _aRammohan, K.T.
245 _aKrishnarajinte Patramargam
250 _a1
260 _bOlive; Kozhikode
_c2005
300 _a0
546 _aMalayalam
942 _2ddc
_cBK
999 _c79716
_d79716
005 20220125171726.0